Jesús Betz

Esta es la historia de una aventura que duró toda una vida. Y de cómo un hombre que nació sin brazos ni piernas se abre paso en un mundo hostil en pos de una vida plena. Jesús Betz cruzará los mares de la humillación y fascinará con su canto hasta conocer el amor.

Detalles Bibliográficos
Autor principal: Bernanrd, Fred
Otros Autores: Roca, François (ilustrador)
Formato: Libro
Lenguaje:español
Materias:
Acceso en línea:

MARC

LEADER 00000cam a2200000 a 4500
001 020583
003 UAHC_CL
005 20260423161439.0
008 140106s2003 mx 000 j spa
020 |a 9681670248 
040 |a UAHC_CL  |c UAHC_CL  |d UAHC_CL 
082 0 4 |a 808.068  |b B518  |2 21 
100 1 |a Bernanrd, Fred 
245 1 0 |a Jesús Betz  |c Fred Bernard, Francois Roca. 
264 |a Fondo de Cultura Económica :  |b México,  |c 2003. 
300 |a 29 páginas 
520 |a Esta es la historia de una aventura que duró toda una vida. Y de cómo un hombre que nació sin brazos ni piernas se abre paso en un mundo hostil en pos de una vida plena. Jesús Betz cruzará los mares de la humillación y fascinará con su canto hasta conocer el amor. 
650 0 |a Literatura infantil  |9 4093 
650 0 |a Libros ilustrados para niños  |9 7927 
700 1 |a Roca, François  |e ilustrador 
900 |a 808.068 BER 
942 |c BK  |2 ddc 
952 |0 0  |1 0  |2 ddc  |4 0  |6 808_068000000000000_BER  |7 0  |8 General  |9 41251  |a BR  |b BR  |c General  |d 2017-08-03  |l 1  |o 808.068 BER  |p 1411495  |r 2026-04-23 13:04:00  |s 2019-05-31  |t 1  |w 2017-08-03  |y BK 
999 |c 20583  |d 20583